000 02638nam a2200373 a 4500
001 000016070
003 DO-SdBNP
005 20260415175501.0
008 100224s2009 dr 000 0 spa d
020 _a9789945856637
040 _aDO-SdBNP
_bspa
_cBNPHU
082 4 _a343.04
_bR823d, 2009
_222
100 1 _aRoss Bravo, Jaime,
_d1921-
_936039
245 1 0 _aDerecho tributario sustantivo /
_cJaime Ross Bravo ; editor Miguel Collado ; presentación Juan Hernández, Mariano Escoto Saba ; prólogo Roberto Leonel Rodríguez Estrella.
250 _a2a ed. rev.
260 _aSanto Domingo :
_bCAPGEFI,
_c2009.
300 _a361 p. ;
_c23 cm.
490 1 _aPublicaciones CAPGEFI
490 1 _aManuales de Finanzas Públicas
_vv. 18
505 1 _aCapítulo 1: Noción general de derecho tributario -- Capítulo 2: Autonomía del desarrollo tributario -- Capítulo 3: División del derecho tributario -- Capítulo 4: Fuentes directas y supletorias del derecho tributario -- Capítulo 5: Codificación del derecho tributario -- Capítulo 6: La potestad tributaria -- Capítulo 7: Carácteres generales y obligatoriedad de la ley tributaria -- Capítulo 8: Vigencia de la ley tributaria en el tiempo -- Capítulo 9: Aplicación y extensión territorial de la ley tributaria -- Capítulo 10: Interpretación e integración de la ley tributaria -- Capítulo 11: Noción general de la obligación tributaria -- Capítulo 12: Fuentes de la obligación tributaria.
505 1 _aCapítulo 13: Generalidades del hecho generador de la obligación tributaria -- Capítulo 14: Elementos del hecho generador -- Capítulo 15: el objeto de la obligación tributaria -- Capítulo 16: La causa de la obligación tributaria -- Capítulo 17: Los sujetos de la obligación tributaria -- Capítulo 18: La determinación o liquidación de la obligación tributaria -- Capítulo 19: Modos de extinguir las obligaciones tributarias -- Capítulo 20: La exención tributaria -- Capítulo 21: Privilegios y garantías del crédito tributario -- Apéndice.
590 _aInventariado, 2018/VM
650 0 _aImpuestos
_xLeyes y legislación
_99338
650 0 _aProcedimiento tributario
_98289
700 1 _aCollado, Miguel A.,
_d1954-
_eed.
_924696
700 1 _aHernández, Juan,
_936041
700 1 _aEscoto Saba, Mariano
_936042
700 1 _aRodríguez Estrella, Roberto Leonel,
_epról.
_936043
710 1 _aCentro de Capacitación en Política y Gestión Fiscal
_936044
830 0 _aPublicaciones CAPGEFI
_936045
830 0 _aManuales de Finanzas Públicas
_nno. 18
_936046
910 _aValidado. Control de calidad BNPHU
942 _2ddc
_cLBS1
999 _c15611
_d15611